| 000 | 00563nam a2200217 a 4500 | ||
|---|---|---|---|
| 999 |
_c7740 _d7740 |
||
| 001 | 7740 | ||
| 003 | BD-JhCC | ||
| 005 | 20190227134007.0 | ||
| 008 | 180213b xxu||||| |||| 00| 0 eng d | ||
| 035 | _a(BD-JhCC) 7740 | ||
| 040 |
_aBD-JhCC _dBD-JhCC |
||
| 041 | _aeng | ||
| 082 |
_a954.02 _bALI 1975 |
||
| 100 | _aAli, Muhammad Mohar | ||
| 245 |
_aThe Fall of Sirajuddaulah / _cMuhammad Mohar Ali |
||
| 260 |
_aDhaka : _bTHE MEHRUB PUBLICATIONS , _c1975 |
||
| 300 |
_a90 p .: _c22 cm . |
||
| 650 | _aBattle of Plassey | ||
| 942 |
_2ddc _cBK _02 |
||